000 00615nam a2200229Ia 4500
003 OSt
005 20221007074201.0
006 a|||||r|||| 00| 0
007 ta
008 221006b |||||||| |||| 00| 0 eng d
024 _a27,610
037 _cTextual
040 _aFLL
_cFLL
_beng
041 _2eng
_aeng
082 _aZ73, K9
100 _aKeeton Robert E.
_9684144
245 0 _aVenturing to do justice
260 _aMassachusetts
_bHarvard University Press Massachusetts
_c1969
300 _avi,183p
_ccm.
942 _hZ73, K9
_cTEXL
_2CC
999 _c1151462
_d1151462